Statistics for Dallas Mavericks 2000's Starters

Click here to take the quiz!

General Stats

  • This quiz has been taken 286 times
    (221 since last reset)
  • The average score is 7 of 17

Answer Stats

PlayerStarts% Correct
Dirk Nowitzki10
99%
Jason Kidd1
96%
Steve Nash5
90%
Jason Terry4
79%
Michael Finley6
64%
Shawn Bradley2
43%
Josh Howard6
38%
Juwan Howard1
38%
Devin Harris2
33%
Erick Dampier4
33%
DeSagana Diop1
23%
Raef LaFrentz1
22%
Antoine Walker1
14%
Adrian Griffin3
10%
Antoine Wright1
5%
Erick Strickland1
4%
Howard Eisley1
3%

Score Distribution

Percentile by Number Answered

Percent of People with Each Score

Your Score History

You have not taken this quiz since the last reset